000 00598nam a22001937a 4500
003 OSt
005 20161006150114.0
008 161006b xxu||||| |||| 00| 0 eng d
020 _a0935702482
040 _cDDC,
082 _a542GIR 1999.
100 _aGirolami,S.Gregory;Rauchfuss,B.Thomas;Angelici,J.Robert;
_911152
245 _aSynthesis and Technique in Inorganic Chemistry:
_bA Laboratory Manual.
260 _aSausalito;
_bUniversity Science Books.
_c1999.
300 _axiii,272p;
_bill:
_c25cm.
504 _aincludes index.
650 _aInorganic Chemistry.
_9799
942 _2ddc
_cO_SHELF
999 _c5314
_d5314